ბათუმის შოთა რუსთაველის სახელმწიფო უნივერსიტეტის ბიბლიოთეკა

Обобщенные функции и действия над ними (ბიბ.ჩანაწერი № 39153)

000 -LEADER
fixed length control field 00658nam a2200205Ia 4500
001 - CONTROL NUMBER
control field 5736
003 - CONTROL NUMBER IDENTIFIER
control field GE_BSU
008 - FIXED-LENGTH DATA ELEMENTS--GENERAL INFORMATION
fixed length control field 181216s||||||||xx |||||||||||||| ||und||
040 ## - CATALOGING SOURCE
Transcribing agency GE_BSU
080 ## - UNIVERSAL DECIMAL CLASSIFICATION NUMBER
Universal Decimal Classification number 517.982.4
100 ## - MAIN ENTRY--PERSONAL NAME
Personal name Гельфанд И.М., Шилов Г.Е.
245 ## - TITLE STATEMENT
Title Обобщенные функции и действия над ними
245 ## - TITLE STATEMENT
Statement of responsibility, etc. Ред М.С.Агранович и А. З. Ривкин
260 ## - PUBLICATION, DISTRIBUTION, ETC.
Place of publication, distribution, etc. Москва
260 ## - PUBLICATION, DISTRIBUTION, ETC.
Name of publisher, distributor, etc. Госиздфиз-мат лит-ры
260 ## - PUBLICATION, DISTRIBUTION, ETC.
Date of publication, distribution, etc. 1958
300 ## - PHYSICAL DESCRIPTION
Extent 439 с. 21 см.
653 ## - INDEX TERM--UNCONTROLLED
Uncontrolled term Обобщенные функции и действия над ними
942 ## - ADDED ENTRY ELEMENTS (KOHA)
Koha item type წიგნი
ეგზემპლარები
Withdrawn status Lost status Damaged status Not for loan Date acquired Barcode Date last seen Price effective from Koha item type
        2018-12-17 16513 2018-12-17 2018-12-17 წიგნი